00881nam a2200253 a 4500001001000000003000400010005001700014008003000031020001500061020001800076040002500094082002800119100003000147100003900177100003700216245003800253250001200291260004200303300001700345505014100362650005400503651003700557651003300594000000538OSt20230713114923.0081218s2000 dr 000 0 spa d a9993410039 a9789993410034 aDO-SdBNPbspacBPMSU 4a972.93bB742t, 20002221 a Bosch, Juan, d1909-2001z aBosch Gaviño, Juan, d1909-2001z aGaviño, Juan Bosch d1909-200110aTemas históricos /cJuan Bosch. a2a. ed. aSanto Domingo :bAlfa & Omega,c2000. av. ;c21 cm.0 tArtículos sobre la historia --tTemas dominicanos --tPersonajes históricos --tTemas de historia general --tHablando del fascismo. 4aPersonajes históricos zRepública Dominicana. 4aRepública DominicanaxHistoria 4aAmérica Latina xHistoria